000 00799nas a2200277 4500
001 BR0706338
003 BR-BrBNA
005 20231205111250.0
007 ta
008 230509b bl.|||p| |||| 00| 00por d
040 _aBR-BrBNA
_bpor
_cBiblioteca Nacional de Agricultura
041 _a(Pt)
072 _aL73
100 1 _aRodaski, S.
100 1 _aCunha, O.
100 1 _aDe Nardi, A.B.
100 1 _aComar, F.A.
100 1 _aCastro, J.H.T.
245 1 _aArtroplastia acetábulo-femoral em cães com pericárdio bovino conservado
650 _aCÃO
650 _aARTROPLASTIA
650 _aLUXAÇÃO
773 0 _tArchives of Veterinary Science (Brazil)
_xISSN 1517-784X
_g(2002), v. 7(2) p. 179-187
_wBR0706338
909 _a202311
_bLúcia
_c55
_dLúcia Elande
942 _2AGRIS
_n0
_cANA
999 _c191716
_d191716